| Tag |
First Indicator |
Second Indicator |
Subfields |
| LEADER |
00000cam a2200000 i 4500 |
| 001 |
in00000141421 |
| 005 |
20151004060033.0 |
| 008 |
771012s1977 coub br 00000 eng |
| 010 |
|
|
|a 77372563
|
| 020 |
|
|
|c $11.50
|
| 035 |
|
|
|a (OCoLC)03397436
|
| 035 |
|
|
|9 AAQ9306AM
|
| 040 |
|
|
|a DLC
|c DLC
|d TXA
|d UtOrBLW
|
| 043 |
|
|
|a n-cn---
|a n-us---
|
| 049 |
|
|
|a TXAM
|c 1 [975995], 2 [1114422]
|
| 050 |
0 |
0 |
|a H62.5.U5
|b G7 1977
|
| 082 |
0 |
|
|a 330/.07/1173
|
| 245 |
0 |
0 |
|a Guide to graduate study in economics and agricultural economics :
|b United States of America and Canada /
|c prepared under the auspices of the American Economic Association and the American Agricultural Economics Association ; edited by Wyn F. Owen and George H. Antoine.
|
| 250 |
|
|
|a 4th ed.
|
| 264 |
|
1 |
|a Boulder, Colo. :
|b Economics Institute ;
|c 1977.
|
| 264 |
|
2 |
|a Homewood, Ill. :
|b Distributed by R. D. Irwin,
|
| 300 |
|
|
|a 328 pages :
|b maps ;
|c 28 cm.
|
| 336 |
|
|
|a text
|b txt
|2 rdacontent
|
| 337 |
|
|
|a unmediated
|b n
|2 rdamedia
|
| 338 |
|
|
|a volume
|b nc
|2 rdacarrier
|
| 504 |
|
|
|a Includes bibliographical references.
|
| 650 |
|
0 |
|a Economics
|x Study and teaching
|z United States
|x Directories.
|
| 650 |
|
0 |
|a Economics
|x Study and teaching
|z Canada
|x Directories.
|
| 650 |
|
0 |
|a Agriculture
|x Economic aspects
|x Study and teaching
|z United States
|x Directories.
|
| 650 |
|
0 |
|a Agriculture
|x Economic aspects
|x Study and teaching
|z Canada
|x Directories.
|
| 700 |
1 |
|
|a Owen, Wyn F.
|
| 700 |
1 |
|
|a Antoine, George H.
|
| 710 |
2 |
|
|a American Economic Association.
|
| 710 |
2 |
|
|a American Agricultural Economics Association.
|
| 710 |
2 |
|
|a Economics Institute (University of Colorado, Boulder)
|
| 999 |
|
|
|a MARS
|
| 999 |
f |
f |
|s 868e9769-cb17-3465-a4c7-635eb2a67d26
|i df6e757a-f987-3305-848a-90e8e59dc33f
|t 0
|
| 952 |
f |
f |
|p ric
|a Texas A&M University
|b Rellis Campus
|c Joint Library Facility
|d Remote Storage
|t 0
|e H62.5.U5 G7 1977
|h Library of Congress classification
|i unmediated -- volume
|m A14802515375
|
| 998 |
f |
f |
|a H62.5.U5 G7 1977
|t 0
|l Remote Storage
|